Samochody według państw - Statystyki

Ogólne statystyki
  • Ten quiz został rozwiązany 14 413 razy
  • Średni wynik to 20 z 28
Statystyki odpowiedzi
Hint Odpowiedź % Poprawnych
BMW Niemcy
93%
Toyota Japonia
89%
Audi Niemcy
89%
Volkswagen Niemcy
87%
Mercedes Benz Niemcy
86%
Tesla Stany Zjednoczone
85%
Lamborghini Włochy
84%
Ferrari Włochy
81%
Peugeot Francja
80%
Honda Japonia
78%
Skoda Czechy
75%
Suzuki Japonia
75%
Citroën Francja
74%
Fiat Włochy
74%
Ford Stany Zjednoczone
72%
Alfa Romeo Włochy
72%
Volvo Szwecja
69%
Lada Rosja
67%
Chevrolet Stany Zjednoczone
66%
Mazda Japonia
65%
Hyundai Korea Południowa
65%
Rolls-Royce Wielka Brytania
62%
Aston Martin Wielka Brytania
62%
Chrysler Stany Zjednoczone
61%
Bentley Wielka Brytania
60%
Kia Korea Południowa
53%
Jaguar Wielka Brytania
51%
Tata Indie
49%
Nie znaleziono quizów pasujących do podanych kryteriów
Rozkład punktacji
Procent ludzi z każdym wynikiem
Percentyl według liczby udzielonych odpowiedzi
Twoja historia wyników
Nie rozwiązałeś tego quizu